Alphabetically Last Countries A-Z Quiz Stats

 Plays Quiz Updated Sep 24, 2018

Score 0/24 Timer 06:00
7 Plays Today
Letter Country % Correct
ZZimbabwe
86.6%
YYemen
84.5%
AAzerbaijan
82%
QQatar
80%
OOman
74.6%
UUzbekistan
69.8%
FFrance
66.3%
CCzechia
63.3%
RRwanda
62.8%
KKyrgyzstan
60.5%
EEthiopia
58%
BBurundi
57.5%
Letter Country % Correct
SSyria
56.6%
HHungary
56.1%
JJordan
54.9%
IItaly
54.2%
GGuyana
53.7%
MMyanmar
53.2%
TTuvalu
51.2%
VVietnam
51.1%
LLuxembourg
47.4%
NNorway
43.7%
PPortugal
43.4%
DDominican Republic
41.7%

You're not logged in!

Compare scores with friends on all Sporcle quizzes.
OR
Log In

Sporcle TV

Today on Sporcle TV


Watch our educational content, quiz creation guides, and fun videos on Sporcle TV.

Show Comments

Extras

Top Quizzes Today


Score Distribution

Your Account Isn't Verified!

In order to create a playlist on Sporcle, you need to verify the email address you used during registration. Go to your Sporcle Settings to finish the process.

Report this User

Report this user for behavior that violates our Community Guidelines.

Details: